| 000 | 01791cam a2200469 a 4500 | ||
|---|---|---|---|
| 003 | PE-LiUPU | ||
| 005 | 20250731172926.0 | ||
| 008 | 970307s1991 cc a r 000 0 eng d | ||
| 035 | _a(Sirsi) a203964 | ||
| 040 |
_aEUX _bspa _cEUX _dOCLCQ _dOCLCF _dOCLCO _dOCLCQ _dPE-LiUPU _erda |
||
| 082 | 0 | 0 |
_a230.09519 _bS85 _222 |
| 100 | 1 |
_aSuh, David Kwang-sun, _eautor. |
|
| 245 | 1 | 4 |
_aThe Korean Minjung in Christ / _cDavid Kwang-sun Suh. |
| 264 | 1 |
_aKowloon, Hong Kong : _bCommission on Theological Concerns, Christian Conference of Asia, _c1991. |
|
| 300 |
_aix, 198 páginas : _bilustraciones ; _c21 centímetros. |
||
| 336 |
_atext _2rdacontent |
||
| 337 |
_aunmediated _2rdamedia |
||
| 338 |
_avolume _2rdacarrier |
||
| 504 | _aBibliografía : páginas 191-198. | ||
| 505 | _aKorean church history from minjung perspective -- Religion and culture of korean minjung. | ||
| 526 | _aSEG42 | ||
| 526 | _aSEG41 | ||
| 526 | _aSEG40 | ||
| 526 | _aSEG39 | ||
| 526 | _aP94 | ||
| 526 | _aP87 | ||
| 526 | _aP86 | ||
| 526 | _aP85 | ||
| 526 | _aP77 | ||
| 526 | _aP76 | ||
| 526 | _aP35 | ||
| 650 | 0 | _aTeología de Minjung. | |
| 651 | 0 |
_aKorea _xReligión. |
|
| 710 | 2 |
_aChristian Conference of Asia. _bCommission on Theological Concerns. |
|
| 910 |
_aebj _bebj _cjck _d20170510 |
||
| 942 |
_2ddc _cBOOK |
||
| 949 |
_a230.09519 S85 _wDEWEY _c1 _i75934 _lCCODEBUL1 _mBUL _p03.00 _r0 _sY _tBOOK _u2017-05-10 _xPOSGRADO _PP85 _0DONACION _o.STAFF. Colección General |
||
| 994 |
_aC0 _bPEPRU |
||
| 596 | _a1 | ||
| 999 |
_a230.09519 S85 _wDEWEY _c20343 _i75934 _f2021-11-9 _g4 _lCCODEBUL1 _mBUL _p3.00 _r0 _sY _tBOOK _u2017-5-10 _xTEOLOGIA _PP85 _0COMPRA _o.STAFF. Colección General _d20343 |
||
| 980 |
_81 _gALBERTO SANCHEZ Responsable de Automatización |
||